| 000 | 00791naa a2200169 i 4500 | ||
|---|---|---|---|
| 001 | 9022 | ||
| 003 | KOSZ 005 | ||
| 005 | 20180315105343.0 | ||
| 008 | 150518s2002 pl | | |000 ||pol | ||
| 040 |
_cBPK _dKOSZ 005/EG |
||
| 080 | _a338.43 | ||
| 100 | 1 |
_aBŁAŻEJOWSKA, Małgorzata. _d1996 - . _bPolitechnika Koszalińska - Instytut Zarządzania i Marketingu, _cZespół Naukowo-Dydaktyczny Nauk Prawnych |
|
| 245 | 1 | 0 |
_aSupporting Business Enterpreneurship in Rural Areas / _cMałgorzata Błażejowska. |
| 650 | 0 | _aRolnictwo. | |
| 773 | 0 |
_iW : _tStrukturveränderungen und ihre Auswirkungen auf die Kulturlandschaft im ländlichen Raum / hrsg. Michał Jasiulewicz, Bogusław Polak, Franz Stepanek. - _dDedelov ; Koszalin : Wydaw. Uczelniane PK, 2002. - _gs. 153-161 |
|
| 942 |
_cROZ _2UKD |
||
| 999 |
_c9022 _d9022 |
||